Sports Quiz

Random Sports or Basketball Quiz
Score 0/115 Timer 10:00
5 Plays Today
Year / Team Player % Correct
2015 GSWStephen Curry
97.8%
2018 GSWStephen Curry
97.8%
2007 LALKobe Bryant
97.5%
2005 LALKobe Bryant
97.5%
2005 LALKobe Bryant
97.5%
2009 CLELeBron James
97.2%
2011 MIALeBron James
97.2%
2010 MIALeBron James
97.2%
2005 CLELeBron James
97.2%
2018 NOPAnthony Davis
96.7%
2013 OKCKevin Durant
96.2%
2011 OKCKevin Durant
96.2%
2010 OKCKevin Durant
96.2%
2016 NOPAnthony Davis
96%
2015 NOPAnthony Davis
96%
2014 OKCRussell Westbrook
93.4%
2019 BRKKyrie Irving
93%
2015 OKCRussell Westbrook
92.8%
2016 OKCRussell Westbrook
92.8%
2001 CHHBaron Davis
92.2%
2012 HOUJames Harden
91.4%
2014 HOUJames Harden
91.4%
2016 HOUJames Harden
90.8%
2011 NYKCarmelo Anthony
90.4%
2007 DENCarmelo Anthony
90.4%
2012 NYKCarmelo Anthony
90.4%
2009 DENCarmelo Anthony
90.4%
2000 LALShaquille O'Neal
89.8%
2008 DALDirk Nowitzki
89.1%
2009 DALDirk Nowitzki
89.1%
2004 DALDirk Nowitzki
89.1%
2019 LACKawhi Leonard
87.7%
2013 GSWKlay Thompson
87.5%
2019 PORDamian Lillard
87.2%
2004 BOSPaul Pierce
86.4%
2005 BOSPaul Pierce
86.4%
2008 SASTim Duncan
86.1%
2004 SASTim Duncan
86.1%
2005 PHIAllen Iverson
85.6%
Year / Team Player % Correct
2006 PHIAllen Iverson
85.6%
2004 PHIAllen Iverson
85.6%
2016 PORDamian Lillard
84.9%
2016 TORDeMar DeRozan
84.3%
2013 PORDamian Lillard
83.8%
2003 TORVince Carter
82.2%
2008 SASTony Parker
81.6%
2018 CHOKemba Walker
79.9%
2001 INDJalen Rose
79.8%
2000 ORLTracy McGrady
79.6%
2002 ORLTracy McGrady
79.6%
2007 HOUTracy McGrady
79.6%
2016 SASKawhi Leonard
79.4%
2015 SASKawhi Leonard
79.4%
2014 MEMMarc Gasol
78.7%
2001 MILRay Allen
78.4%
2005 SEARay Allen
78.4%
2019 MINKarl-Anthony Towns
75.8%
2015 LACBlake Griffin
75.3%
2005 PHOSteve Nash
74.2%
2005 DETRichard Hamilton
71.5%
2012 CHAKemba Walker
71%
2000 BOSAntoine Walker
70.8%
2019 DALLuka Dončić
69.8%
2013 SACDeMarcus Cousins
69%
2015 SACDeMarcus Cousins
68%
2010 GSWMonta Ellis
67.6%
2013 DALMonta Ellis
67.6%
2007 WASGilbert Arenas
67.3%
2019 TORPascal Siakam
67.2%
2018 PHODevin Booker
66.8%
2000 UTAKarl Malone
64.8%
2019 DETAndre Drummond
64.5%
2017 MILGiannis Antetokounmpo
63%
2016 MILGiannis Antetokounmpo
63%
2015 PORCJ McCollum
61%
2019 UTADonovan Mitchell
60.5%
2013 MINKevin Love
60%
2006 MILMichael Redd
58.7%
Year / Team Player % Correct
2008 MILMichael Redd
58.7%
2005 MILMichael Redd
58.7%
2017 NYKKristaps Porzingis
58.1%
2011 BOSRajon Rondo
57.1%
2018 CHIZach LaVine
56%
2002 HOUSteve Francis
49.2%
2007 UTACarlos Boozer
48.7%
2013 CHICarlos Boozer
48.7%
2008 INDDanny Granger
48.3%
2009 INDDanny Granger
48.3%
2019 TORFred VanVleet
48.2%
2000 DETJerry Stackhouse
44.1%
2007 DETTayshaun Prince
43.7%
2018 NYKTim Hardaway
43.5%
2002 GSWAntawn Jamison
43.1%
2004 WASAntawn Jamison
43.1%
2017 BRKD'Angelo Russell
42.6%
2006 LALLamar Odom
40.5%
2004 INDRon Artest
37.9%
2019 CHILauri Markkanen
37.1%
2005 PHIChris Webber
35.4%
2001 DALMichael Finley
34.3%
2002 NYKAllan Houston
33.7%
2002 ATLGlenn Robinson
32.5%
2004 CLEZydrunas Ilgauskas
31.7%
2006 NYKQuentin Richardson
30.9%
2018 NOPNikola Mirotic
30.8%
2006 PORZach Randolph
30.3%
2016 TORJonas Valanciunas
26.8%
2016 INDMyles Turner
25.1%
2004 CHIKirk Hinrich
22.4%
2000 HOUCuttino Mobley
22.3%
2019 DETLuke Kennard
20.7%
2006 PHOLeandro Barbosa
15.6%
2005 LACSam Cassell
15.6%
2005 PORDarius Miles
13.9%
2004 LACBobby Simmons
5.9%

You're not logged in!

Compare scores with friends on all Sporcle quizzes.
OR
Log In

Sporcle TV

Today on Sporcle TV


Watch our educational content, quiz creation guides, and fun videos on Sporcle TV.

Show Comments

Extras

Top Quizzes Today


Score Distribution

Paid Content

Your Account Isn't Verified!

In order to create a playlist on Sporcle, you need to verify the email address you used during registration. Go to your Sporcle Settings to finish the process.

Report this User

Report this user for behavior that violates our Community Guidelines.

Details: